[Event "Corus"]
[Site "Wijk aan Zee"]
[Date "2006.01.14"]
[Round "1"]
[White "Gelfand, Boris"]
[Black "Leko, Peter"]
[Result "1/2-1/2"]
[WhiteElo "2723"]
[BlackElo "2740"]
[Annotator "Ribli,Z"]
[PlyCount "73"]
[EventDate "2006.01.14"]
[EventType "tourn"]
[EventRounds "13"]
[EventCountry "NED"]
[EventCategory "19"]
[SourceTitle "CBM 111"]
[Source "ChessBase"]
[SourceDate "2006.04.04"]
[SourceVersion "1"]
[SourceVersionDate "2006.04.04"]
[SourceQuality "1"]

1. d4 Nf6 2. c4 e6 3. g3 d5 4. Bg2 Be7 5. Nf3 O-O 6. O-O dxc4 7. Qc2 a6 8. Qxc4
b5 9. Qc2 Bb7 10. Bd2 {Die beliebte Variante des israelischen Großmeisters,
die seinerzeit von GM Sosonko oft gespielt wurde.} Nbd7 {Das ist die
natürliche Fortsetzung, aber trotzdem eine kleine Überraschung, da Leko früher
die moderne Alternative 10...Ra7 spielte.} (10... Be4 11. Qc1 Nbd7 12. Ba5 Rc8
13. Nbd2 Ba8 14. Qc2 Nb8 15. a3 Nc6 16. Bc3 a5 17. Nb3 a4 18. Nbd2 Na7 {
1/2-1/2 Boensch,U-Lutz,C/Fuerstenfeld 2003/(57)}) (10... Ra7 11. Rc1 Be4 12.
Qb3 Nbd7 13. Ba5 (13. Bb4 Bd5 14. Qa3 c5 $5 15. Bxc5 (15. dxc5 a5) 15... Nxc5
16. dxc5 Ne4 17. Ne1 Nxc5 18. Qe3 Bxg2 {1/2-1/2 Gelfand,B-Anand,V/Calvia (ol)
2004/(18)}) 13... Qa8 $5 {[%csl Ga8,Ge4][%cal Ga8g2]} 14. Nc3 (14. Nbd2 $5 Bd5
15. Qe3 Bd6 16. Bh3 Ne4 17. Nxe4 Bxe4 18. Ne1 Nb6 19. Bxb6 cxb6 20. Bg2 {
1-0 Avrukh,B-Quezada,Y/Beer Sheva 2005 (63)}) 14... Bc6 15. a3 {[%cal Ga5b4,
Gb4e7]} Bd6 16. Bb4 Qb7 {[%cal Ga6a5]} 17. Rc2 a5 18. Bxd6 cxd6 $11 {0-1
Nielsen,P-Leko,P/Dortmund 2005/CBM 108/[Ribli Zoltan] (60)}) 11. Ba5 Rc8 12.
Nbd2 Nb8 {Ein bekanntes Springermanöver in dieser Variante: Schwarz bereitet
13...Nc6 vor, wonach der Läufer auf a5 weg gehen muss.} 13. a3 (13. Nb3 Be4 14.
Qc1 Nc6 15. Bd2 Bxf3 16. Bxf3 Nxd4 17. Nxd4 Qxd4 18. Be3 Qd6 19. Rd1 {1/2-1/2
Carlsen,M-Lautier,J/FIDE World Cup 2005/CBM 111/[Ribli Zoltan] (32)}) 13... Nc6
14. Bc3 (14. Nb3 $2 Nxa5 15. Nxa5 Be4 {/\ c5=/+}) 14... b4 (14... Nb8 15. b4 $1
) 15. axb4 Nxb4 16. Qa4 (16. Bxb4 Bxb4 17. Nb3 c5 18. dxc5 Qe7 $11) (16. Qb3
Bd5 17. Qa4 Bc6 (17... Rb8 18. Ne5 Bxg2 19. Kxg2 $14 {><a6}) 18. Qa5 Rb8 19.
Ne5 $1 $14 {1/2-1/2 Almasi,I-Lauber,A/Gyula 1997/}) 16... Nbd5 (16... Bc6 {
Auf diese Weise bekommen wir, mit Zugumstellung, die Variante 16.Qb3 Bd5 17.
Qa4 Bc6.}) 17. Ba5 Qd7 18. Ne5 (18. Qxd7 Nxd7 19. Rfc1 (19. Ne5 Nxe5 20. dxe5)
19... c5 $11) 18... Qxa4 19. Rxa4 c5 {Wenn Schwarz in solcher Stellung diese
Fortsetzung ausführen kann, so ist das Spiel ausgeglichen. Aber hier verfügt
Weiß über einige Initiative.} 20. e4 Nc7 (20... Nb4 21. Rc1 Nc6 22. Nxc6 Bxc6
23. Rac4 $16) 21. dxc5 Bxc5 22. Rc1 $14 Nb5 23. Rac4 {[%mdl 2048]} Nd4 (23...
Bd4 24. Rxc8 Rxc8 25. Rxc8+ Bxc8 26. Nc6 $14) 24. Kf1 (24. Rxc5 $2 Ne2+ 25. Kf1
Nxc1 $19) 24... Bd6 (24... Be7) 25. Nd3 (25. Bc7 $5 Bxc7 (25... Bxe5 26. Bxe5
$16) 26. Rxc7 Rxc7 27. Rxc7 Rc8 28. Rxc8+ Bxc8 29. Ndc4) 25... Rxc4 26. Rxc4 (
26. Nxc4 Bxe4 27. Bxe4 Nxe4 28. Nxd6 Nxd6 29. Bb4 N4b5 30. Rc6 $14) 26... Nc6
27. Bc3 Be7 28. Nb3 {[%cal Gb3c5,Gd3c5]} (28. Nc5 Bxc5 29. Rxc5 Nd7 30. Rc4 (
30. Rh5 $6) 30... Nb6 31. Rc5 $11) 28... Nd7 29. Na5 Nxa5 30. Bxa5 Rc8 31.
Rxc8+ Bxc8 32. e5 {[%mdl 4096] Nach Vereinfachungen ist eine Stellung erreicht,
in der Weiß einen kleinen, aber dauerhaften Vorteil besitzt.} Nc5 33. Nb4 (33.
Nxc5 Bxc5 $11) 33... Nb3 34. Nc6 Bc5 35. Bc3 (35. Bb4) 35... Kf8 36. f4 Bb7 37.
Nb8 (37. Nb8 Bc8 (37... Bxg2+ 38. Kxg2 a5 39. Nd7+ Ke7 40. Nxc5 Nxc5 41. Bxa5
$16) 38. Ke2 $14) 1/2-1/2

[Event "Sarajevo Bosnia 28th"]
[Site "Sarajevo"]
[Date "1998.06.06"]
[Round "9"]
[White "Kozul, Zdenko"]
[Black "Nikolic, Predrag"]
[Result "1-0"]
[WhiteElo "2585"]
[BlackElo "2635"]
[Annotator "Ribli,Z"]
[PlyCount "122"]
[EventDate "1998.05.29"]
[EventType "tourn"]
[EventRounds "9"]
[EventCountry "BIH"]
[EventCategory "15"]
[SourceTitle "CBM 066"]
[Source "ChessBase"]
[SourceDate "1998.09.30"]
[SourceVersion "1"]
[SourceVersionDate "1998.09.30"]
[SourceQuality "1"]

1. d4 {Hecht} Nf6 2. c4 e6 3. Nf3 d5 4. g3 Be7 5. Bg2 O-O 6. O-O dxc4 {Das ist
die klassische Variante der Katalanischen Eröffnung. Schwarz öffnet die
Stellung, nimmt den Bauern an und möchte seine Entwicklung beenden. Ribli.} 7.
Qc2 a6 8. a4 {Diese Fortsetzung ist heutzutage sehr populär, aber auch die
Alternative 8.Qxc4 ist gut.} Bd7 9. Qxc4 Bc6 10. Bg5 {Weiß hat den Plan,
Bg5xf6, Nb1-c3 nebst e2-e4 mit Raumvorteil im Zentrum zu spielen.} Bd5 11. Qd3
c5 {Es sei angemerkt, daß Kozul diese weniger starke Fortsetzung in der
fünften Runde desselben Turnieres bereits gegen Georgiev gespielt hatte. In
jener Partie war die schwarze Stellung nach 12.Bxf6 Bxf6 13.e4 Bc6 O.K.} (11...
Be4) 12. Nc3 Bc6 (12... cxd4 $5) 13. Rfd1 (13. Bxf6 Bxf6 14. dxc5 Nd7 15. Qc4
Qe7 16. b4 a5 17. Nd4 Bxg2 18. Kxg2 axb4 19. Ne4 Rfc8 20. a5 Bxd4 21. Qxd4 Nxc5
$11 {1/2-1/2 Nikolic,P-Boensch,U/Munich 1990 (37)}) 13... cxd4 14. Nxd4 Bxg2
15. Kxg2 h6 {Dieser Zug, der ein Tempo veliert,gefällt mir nicht. Seine
Alternativen scheinen mir geeigneter.} (15... Qa5 16. Bxf6 Bxf6 17. Ne4 Nd7 (
17... Bxd4 18. Qxd4 Nc6 19. Qc5 Rac8 $6 20. Qxa5 Nxa5 21. Nd6 Rc2 22. b4 Nc4 $2
(22... Nc6 $1 23. b5 Na5 24. Nxb7 $5 {Beliavsky,A} Nxb7 25. bxa6 Na5 $1 26.
Rab1 Rc6 27. a7 Ra6 28. Rb8 Nc6 $1 29. Rd6 Rxa7 $10) 23. Nxb7 Rxe2 24. Nc5 $1 {
1-0 Tukmakov,V-Beliavsky,A/Portoroz 1996 (40)}) 18. Nb3 Qb4 19. Rac1 Qxa4 20.
Nbc5 Nxc5 21. Nxf6+ gxf6 22. Rxc5 Rac8 23. Rh5 Qc2 24. Qf3 f5 25. Rd4 Qc6 26.
e4 $44 {1-0 Akesson,R-Wells,P/Antwerp op 1995 (36)}) (15... Nbd7 $5) 16. Bxf6
Bxf6 17. Ne4 $14 {Weiß hat Entwicklungsvorsprung und starke Kontrolle über die
d-Linie.} Bxd4 (17... Nd7 $2 18. Nxe6 fxe6 19. Qxd7 $16) 18. Qxd4 Qxd4 19. Rxd4
{[%csl Gd4,Ge4] Die Stellung ist fast symmetrisch, aber Weiß hat das viel
bessere Figurenspiel, viele Möglichkeiten einzudringen.} Nc6 20. Rd7 {[%csl
Rb7,Gd7]} Rab8 21. Nc5 Rfc8 (21... Ne5 22. Rxb7 Rxb7 23. Nxb7 Rb8 24. Nc5 Rxb2
25. Nxa6 Rxe2 {Weiß hat einen kleinen Vorteil dank seines a-Freibauern, aber
das Material ist reduziert, so daß Remis wahrscheinlich ist.} 26. Nc7 Rc2 (
26... Ng4 27. Kf3 Rc2 28. Kxg4 Rxc7 29. a5 $14 {[%csl Ga5]}) 27. Nb5 Ng4 {
[%csl Gc2,Rf2,Rg2,Gg4]} 28. a5 {[%csl Ga5][%cal Ra5a6,Ra6a7,Ra7a8]} (28. Rf1 $2
Ne3+ {[%cal Re3f1,Re3g2,Gc2g2]}) 28... Rxf2+ 29. Kg1 Rd2 $1 {Mit dem Turm auf
d2 gibt es Dauerschach als Remismotiv.} 30. a6 Ne5 31. Ra3 {[%cal Ga3f3]} (31.
a7 Nf3+ $11 32. Kf1 (32. Kh1 $4 Rxh2#) 32... Nxh2+ 33. Ke1 Nf3+) 31... Nd7 32.
a7 Nb6 33. a8=Q+ (33. Ra6 Na8 34. Rc6 Rd8) 33... Nxa8 34. Rxa8+ Kh7 $14 {
Schwarz hat zwei Bauern für die Figur und eine feste Stellung.}) 22. Rxb7 Rxb7
23. Nxb7 Rb8 24. Rc1 {[%cal Rc1c6]} Rxb7 $6 {Nikolic ist überzeugt, daß das
Turmendspiel Remis ist.} (24... Nd4 25. Rc7 Nxe2 $11) 25. Rxc6 Rxb2 {[#] Hecht:
Der a-Bauer ist von v o r n gedeckt. Die Gewinnchancen steigen, je mehr Bauern
am Königsflügel an Bord sind. Das Endspiel ist von Takrtik (Bauerndurchbrüche
zwecks frontaler Bloßstellung des Königs) und Technik geprägt.} 26. Kf3 (26.
Rxa6 Rxe2 $11 {In der Großmeisterpraxis ist die Stellung trotz des kleinen
weißen Vorteils nicht zu gewinnen.}) 26... Rb3+ 27. e3 {Schwarz kann seinen
a-Bauern nicht halten, aber für gewöhnlich kann man solche Turmendspiele
retten.} g5 {Schwarz verhindert Raumgewinn am Königsflügel.} (27... h5 28. Rxa6
g6) (27... Ra3 28. Rxa6 h5) 28. Rxa6 Kg7 29. g4 Ra3 {[%csl Ga3] Der Turm steht
normalerweise gut hinter dem Freibauern. Er kontrolliert jetzt nicht nur den
a-Freibauern, sondern auch den weißen Königsflügel.} 30. h3 Ra2 {[%cal Ga2a4,
Ga2f2]} 31. Ra8 Kg6 32. Ra7 {Der Kampf der Manöver beginnt. Weiß hat keinen
konkreten Gewinnplan.} Kf6 33. a5 Kg6 34. a6 Kf6 35. Ra8 Ke5 {Schwarz hat
natürlich keine Drohungen, demonstriert aber Aktivität.} 36. Ra7 Kf6 37. Kg2 {
Weiß möchte keine verpflichtende Entscheidung vor der Zeitkontrolle treffen.}
Kg6 38. Kg3 Kg7 39. Ra8 Kf6 40. Kg2 Ke5 41. Kg3 Kf6 42. a7 {Normalerweise muß
der Angreifer den Bauern auf a6 (oder a3) lassen, um sich auf a7 vor
Turmschachs von hinten verstecken zu können. Strebt allerdings in unserer
Partie der weiße König zum Damenflügel, so kann der schwarze Turm die weißen
Bauern am Königsflügel nehmen. Mit dem Textzug bindet der Weiße den schwarzen
Turm ewig an den Freibauern a7.} Ke5 43. f3 Ra3 44. Kf2 Ra2+ 45. Ke1 {[#]} Kf6
{Hecht:Was passiert, wenn Schwarz seinen König im Zentrum zu halten versucht?
Es folgen einige Impressionen, die zudem unvollständig sind.} (45... Ra6 {Hecht
} 46. Kd2 (46. f4+ gxf4 47. exf4+ Kxf4 48. h4 Ke3 49. Kd1 f6) 46... Ra3 47. f4+
gxf4 $2 (47... Ke4 $1 {vermeidet jede Linienöffnung und ist deshalb ist die
passende Antwort!!}) 48. exf4+ Kxf4 (48... Ke4 49. g5 h5 50. f5 Kxf5 51. g6 Kf6
52. gxf7 Kxf7 53. Rh8 $18) 49. h4 e5 50. g5 hxg5 (50... h5 51. g6 fxg6 52. Rf8+
Kg4 53. a8=Q Rxa8 54. Rxa8 Kxh4 55. Ke3 g5 56. Re8 $18) 51. h5 $18) 46. f4 Ra3
(46... gxf4 47. exf4 $16 {und Weiß hat Möglichkeiten mit g4-g5.}) 47. Kd2 Ra2+
48. Kc3 (48. Kd3 Ra3+ 49. Ke2 {Dies ist die Partiestellung nach 55.Zug von
Weiß.}) 48... Ra3+ 49. Kc4 Ra4+ 50. Kc5 (50. Kb5 Ra1 {[%csl Rb5] und der weiße
König kann sich den Schachgeboten von hinten nicht entziehen.}) 50... Ra1 51.
Kc6 Ra2 (51... Rc1+) 52. Kc5 Ra6 (52... Ra5+ $2 53. Kb6 $18 {Und Weiß gewinnt
das entscheidende Tempo, der a8-Turm ist frei.}) 53. Kd4 Ra4+ 54. Kd3 Ra3+ 55.
Ke2 $16 Ra5 {Hecht:Erlaubt die Eroberung von h6 und g5, wonach der Rest eine
Sache der Technik ist.} (55... Kg7 56. f5 $1 {[#] Variantendiagramm} exf5 (
56... e5 {Hecht} 57. e4 f6 (57... Kh7 58. f6 {[%csl Rf7][%cal Ye2d2,Yd2c2,
Yc2b2,Yb2b3,Yb3b4,Yb4b5,Yb5c6,Yc6d7,Yd7e7]}) 58. Kd2 Kh7 59. Kc2 Kg7 60. Kb2
Ra6 61. Kb3 Kh7 62. Kb4 Kg7 63. Kb5 Ra1 64. Kb6 Rb1+ 65. Kc6 Rc1+ 66. Kd6 Ra1
67. Ke6 Ra6+ 68. Ke7 Ra4 69. Rd8 Rxa7+ 70. Rd7 Ra6 71. Rd6 Ra4 72. Ke6 Rxe4 (
72... h5 73. Rd7+ Kh6 74. Kxf6 hxg4 75. hxg4 Rxe4 76. Rd8 Kh7 77. Kxg5 $18) 73.
Rd7+ Kg8 74. Kxf6 $18 {[%cal Rf6g6,Rf5f6]}) 57. gxf5 Kf6 (57... h5 58. e4 f6
59. e5 fxe5 60. f6+ Kf7 (60... Kh7 61. f7 $18 (61. Re8 Rxa7 62. Re7+ Rxe7 63.
fxe7 $18)) 61. Rh8 Rxa7 62. Rh7+ $18 {[%cal Rh7a7] Das ist das in
Turmendspielen typische Umgehungsmotiv.}) 58. e4 h5 59. e5+ Kxf5 60. e6 $1 Kf6
(60... Kxe6 61. Re8+ $18 {[%cal Ra7a8]}) (60... fxe6 61. Rf8+ $18 {[%cal Rf8f5,
Ra7a8]}) 61. exf7 Kxf7 62. Rh8 Rxa7 63. Rh7+ {[%cal Rh7a7]}) 56. Rh8 {[%csl
Ga7,Rh6][%cal Ra7a8]} Rxa7 57. Rxh6+ Kg7 58. fxg5 {Weiß besitzt zwei
Mehrbauern. Die Verwertung ist allerdings wegen der schwachen Bauern nicht so
leicht.} Ra2+ 59. Kf3 Ra5 60. h4 Rb5 61. Rf6 {Weiß muß zuerst seinen Turm
befreien.} Ra5 {und Schwarz gab gleichzeitig auf.  Weiß kann den Plan Kf3-f4,
h4-h5-h6 durchführen, dann folgt g5-g6 mit sehr guten Gewinnaussichten.} (61...
Ra5 {Hecht} 62. Kf4 Ra1 63. h5 Rf1+ 64. Ke5 Rg1 65. g6 $18) 1-0

[Event "RUS-chT 05th"]
[Site "Maikop"]
[Date "1998.06.07"]
[Round "5"]
[White "Iljushin, Alexei"]
[Black "Kiriakov, Petr"]
[Result "1/2-1/2"]
[WhiteElo "2460"]
[BlackElo "2495"]
[Annotator "Ribli,Z"]
[PlyCount "103"]
[EventDate "1998.06.03"]
[EventType "team-tourn"]
[EventRounds "11"]
[EventCountry "RUS"]
[SourceTitle "CBM 066"]
[Source "ChessBase"]
[SourceDate "1998.09.30"]
[SourceVersion "1"]
[SourceVersionDate "1998.09.30"]
[SourceQuality "1"]
[WhiteTeam "Saratov GShK"]
[BlackTeam "Tomsk 400"]
[WhiteTeamCountry "RUS"]
[BlackTeamCountry "RUS"]

1. d4 {Hecht} e6 2. c4 (2. e4 $5) 2... Nf6 3. g3 d5 4. Bg2 Be7 5. Nf3 O-O 6.
O-O dxc4 {Schwarz spielt das klassisches System. Seine Hauptidee ist, während
Weiß den Bauern zurückgewinnt, die Entwicklung zu beenden. Ribli.} 7. Ne5 {
Eine heutzutage selten gespielte Fortsetzung. Weiß öffnet dem Läufer g2 die
Diagonale, aber meiner Meinung ist es besser, eine neue Figur zu entwickeln,
wie z.B. 7.Qc2 oder 7.Nc3.} Nc6 $5 {Das ist eine scharfe Fortsetzung. Schwarz
hat keine Angst vor den struturellen Schwächen in der c-Linie. Er strebt nach
sofortigem Gegenspiel.} (7... c5 8. dxc5 Qc7 9. Nxc4 Qxc5 10. b3 $14 {[%csl
Rc5][%cal Gg2a8]}) 8. Nxc6 (8. Bxc6 bxc6 9. Nxc6 Qe8 10. Nxe7+ Qxe7 11. Qa4 e5
$44 {[%cal Yb7h1] Schwarz opfert einen Bauern. Er hat gutes Spiel auf den
weißen Feldern und ist besser entwickelt.}) 8... bxc6 9. Na3 Bxa3 10. bxa3 Nd5
(10... Ba6 $5 11. Bxc6 (11. Bg5 h6 12. Bxf6 Qxf6 13. Bxc6 (13. Qa4 Bb5 14. Qa5
c3 $10) 13... Rab8 14. Qa4 Rb6 15. Rfd1 Rd8 16. Bf3 $1 c6 $1 17. Kg2 Qe7 18. e3
Rc8 $1 19. h4 Bb5 20. Qb4 c5 $15 {Antunes,A-Karpov,A/Tilburg 1994/0-1 (73)})
11... Rb8 12. Qa4 Rb6 13. Bd2 Qd6 14. Bf3 Nd5 15. Rfb1 Rfb8 16. Rxb6 Qxb6 17.
Rc1 Qxd4 18. Qxa6 Qxd2 19. Qxc4 g6 20. Bxd5 exd5 21. Qxc7 Re8 22. Rc2 Qd1+ 23.
Kg2 Rxe2 24. Rxe2 Qxe2 25. Qd8+ Kg7 26. Qxd5 a6 {1/2-1/2 Antunes,A-Janjgava,L/
Moscow olm 1994 (37)}) 11. Qa4 Nb6 12. Qa5 {[%csl Ra2,Ra3,Ga5,Rc4,Rc6,Rc7,Rd4]
[%cal Gg2a8] Die Bauernstrukturen beider Kontrahenten sind schwach. Weiß hat
Doppelbauern in der a-Linie, Schwarz sogar drei Bauern in der c-Linie. Die
weiße Dame blockiert den schwarzen Damenflügel, während das Läuferpaar
ausreichende Kompensation für den geopfereten Bauern bietet.} (12. Qxc6 Rb8 13.
Qc5 Ba6 $5 (13... Bb7 $6 14. e4 $1 (14. Bxb7 $6 Rxb7 15. Bf4 Qd7 16. Rab1 Rd8
17. Rb4 h6 18. Rc1 Qxd4 19. Qxd4 Rxd4 20. Be3 Rd5 21. Bxb6 cxb6 22. Rbxc4 Rbd7
{1/2-1/2 Umanskaya,I-Zatonskih,A/Yalta opW/1995/ (50)}) 14... Qd6 15. Bf4 Qxc5
16. dxc5 Na4 17. Rfc1 Ba6 18. Bf1 Nxc5 19. Bxc4 Bxc4 20. Rxc4 Na6 (20... Nd3
21. Bxc7 Rb2 22. f3 f5 $132) 21. Rac1 $14 {Raetsky,A-Ulfarsson,M/Reykjavik op
1996/1/2-1/2 (49)}) 14. Bf4 Nd5 15. Qxa7 (15. Bxd5 Qxd5 16. Qxa7 Bb7 17. f3 Ra8
18. Qc5 Qxc5 19. dxc5 Rfc8 {Inkiov,V-Prandstetter,E/Warsaw zt-A 1979/1/2-1/2 
(52)}) 15... Nxf4 (15... Rb6 16. Bxd5 Qxd5 17. Bxc7 Bb7 18. f3 Ra6 19. Qc5 Rc8
20. Qxd5 Bxd5 21. Bf4 {1/2-1/2 Ftacnik,L-Kurajica,B/Dortmund 1981}) 16. gxf4
Qd6 {= Sveshnikov,E-Balashov,Y/USSR (ch) 1979}) 12... Rb8 $13 (12... Qxd4 13.
Be3 Qd7 (13... Qb2 14. Bxc6 Rb8 15. Qxa7) (13... Qd6 $2 14. Bc5 {[%cal Rc5f8]})
14. Bc5 $44 {[%csl Rc4,Gc5,Rc6,Gg2][%cal Gf1d1,Gd1d7,Gg2a8]}) 13. Rd1 {Weiß
verteidigt den d-Bauern und bereitet den Vorstoß e2-e4, der ihm Raumvorteil im
Zentrum sichert, vor.} (13. Qxa7 $4 Ra8 $19) 13... Nd5 14. a4 $6 {[%cal Gc1a3,
Ga3f8] Weiß verhindert 14...Rb5 und schafft sich die Möglichkeit zu Bc1-a3,
aber mir scheint der Zug etwas zu langsam zu sein.} (14. e4 $5 $14) 14... Qd6 {
[%csl Yb4][%cal Gd6a3] Jetzt ist 15.Ba3 verhindert und Schwarz droht, mit ...
Qd6-b4 die Damen zu tauschen.} 15. e4 Qb4 16. Bd2 $5 (16. Qxa7 $6 Rb7 {[%csl
Ra7]} 17. Qc5 Qxc5 18. dxc5 Nc3 $15 {[%csl Gc4][%cal Rc3d1,Rc3a4]}) (16. Qxb4
Nxb4 $15) 16... c3 (16... Qxa5 17. Bxa5 Nb6 18. Rac1 $44 {[%cal Gc1c7]}) 17.
Qxb4 Rxb4 (17... Nxb4 18. Bxc3 $14 {[%csl Gc3,Rc6,Rc7,Gd4,Ge4,Gg2] Weiß steht
wegen seines Läuferpaares etwas aktiver.}) 18. Be1 {[%cal Ge1b4]} Nb6 (18... c2
$2 19. Rdc1 $16 {[%cal Re1b4,Rc1c2,Re4d5]}) 19. Bxc3 Rxa4 20. a3 $44 {[%csl
Ra4,Gc3,Rc6,Rc7,Gg2] Schwarz hat einen Bauern mehr, aber Weiß verfügt über
eine gesunde Struktur und das Läuferpaar, während die schwarzen c-Bauern
schwach sind.} Rd8 21. Bb4 Ba6 (21... a5 22. Bc5 $44) 22. Rac1 {[%cal Rc1c7]}
Be2 (22... Bb5) 23. Rd2 Bb5 24. Bf1 $5 {Der Läufer auf b5 ist die Stütze des
schwarzen Damenflügel. Logisch, daß Weiß ihn tauschen möchte.} Rd7 25. Bc5 e5
$15 {[%cal Ga4e4,Gd7d2] Schwarz hat einen Bauern mehr und ich zweifle, ob der
verbliebene weiße Druck ausreichend ist.} (25... h6 $5) 26. Rcd1 Bxf1 (26...
exd4 27. Rxd4 Raxd4 28. Rxd4 Rxd4 29. Bxd4 $15) 27. Kxf1 exd4 28. Rxd4 Raxd4
29. Rxd4 Rxd4 30. Bxd4 {Schwarz besitzt die Bauernmehrheit am Damenflügel (3:1)
, aber dieser quantitative Vorteil ist nur von theoretischer Bedeutung, denn
die Doppelbauern in der c-Linie sind kaum zu mobilisieren. Die weiße 4:
3-Mehrheit am Königsflügel ist hingegen gesund.} f6 31. Ke2 Kf7 32. Kd3 Ke6 33.
Bc5 {[%csl Gc5] Der weiße Läufer steht auf c5 sehr wirksam und ich kann nicht
erkennen, wie Schwarz seinen materiellen Vorteil verwerten soll.} g5 34. f3 (
34. f4 gxf4 35. gxf4 f5 $15) 34... a6 35. Kd4 (35. Bxb6 $2 {Dieses
Bauernendspiel kann Weiß natürlich nicht halten.} cxb6 $19 {[%csl Ga6,Gb6,Gc6]}
) 35... Nd7 36. h3 $5 h5 (36... Nxc5 $2 37. Kxc5 {[%csl Gc5,Rc6,Rc7] Der weiße
König steht aktiv und blockiert die schwarzen Damenflügelbauern, während die
weiße Bauernmehrheit am Königsflügel einen Freibauern zu bilden droht.} Kd7 38.
f4 gxf4 39. gxf4 h6 40. h4 h5 41. a4 a5 42. f5 $22 $18) 37. Bb4 c5+ {Diese
Vereinfachung führt endlich zum Remis, aber Weiß muß noch vorsichtig sein.} (
37... Ne5 38. f4 $11) 38. Bxc5 Nxc5 39. Kxc5 {[#] Hecht: Bei Abfressen der
Bauern und Einziehen der dabei entstehenden Freibauern sind beide Seiten
gleichschnell, egal welcher Weg beschritten wird.} Ke5 $1 {[%csl Re4,Ge5,Rf3,
Rg3,Rh3] Die schwarze Drohung ist einfach. Er möchte 40...h4 ziehen, um via f4
in den Königsflügel einzudringen.} 40. Kc6 h4 (40... g4 {Hecht} 41. fxg4 hxg4
42. hxg4 Kxe4 43. Kxc7 Kf3 44. Kb6 Kxg4 45. Kxa6 Kxg3 46. a4 f5 47. a5 f4 48.
Kb6 $11) (40... Kd4 {Hecht} 41. Kxc7 Ke3 42. Kd6 Kxf3 43. Ke6 Kxg3 (43... Kxe4
44. Kxf6 g4 $2 45. hxg4 hxg4 46. Kg5 Kf3 47. Kh4 a5 48. a4 $18) 44. Kxf6 g4 45.
hxg4 hxg4 46. e5 Kf3 47. e6 g3 48. e7 g2 49. e8=Q g1=Q $11) 41. gxh4 (41. g4 $2
{Dieser Zug verliert ein entscheidendes Tempo.} Kf4 42. Kxc7 Kg3 43. Kd6 (43.
Kb6 Kxh3 44. Kxa6 Kg3 45. a4 h3 $19) 43... Kxh3 44. Ke6 Kg3 45. Kxf6 h3 $19)
41... gxh4 42. a4 Kf4 43. Kxc7 Kxf3 (43... Kg3 44. f4 $8 Kxf4 (44... Kxh3 $2
45. e5 fxe5 46. fxe5 Kg3 47. e6 h3 48. e7 h2 49. e8=Q h1=Q 50. Qg6+ $16 {
[%cal Rg6g3,Rg6a6]}) 45. Kb6 Kxe4 46. Kxa6 f5 {Das ist die Partiefortsetzung.})
44. Kb6 $11 Kxe4 (44... Kg3 45. Kxa6 Kxh3 46. a5 Kg3 47. Kb6 h3 48. a6 h2 49.
a7 h1=Q 50. a8=Q $11) 45. Kxa6 f5 46. Kb6 f4 47. a5 f3 48. a6 f2 49. a7 f1=Q
50. a8=Q+ {[%cal Ra8e4]} Ke3 (50... Kf4 $4 {[%cal Rf4g3,Rg3h3]} 51. Qf8+ $18 {
[%cal Rf8f1]}) 51. Qe8+ Kf3 (51... Kf2 $5 {[%csl Rh3][%cal Rf2g3]} 52. Qe6 $11)
52. Qh5+ {und es wurde Remis vereinbart. Die Stellung ist völlig gleich.} (52.
Qh5+ Kg3 53. Qg4+ Kh2 54. Qxh4 Qxh3 $11) 1/2-1/2